00449 2200181 4500001002100000005001500021008004100036020002100077035001900098041000700117082000800124090001400132100002400146245003300170260002800203300001900231650001700250INLIS00000000001953620241224115722241224||||||||| | ||| |||| || |  a978-979-327-58-3 0010-1224019536 aid0 a813 a813 RAM s0 aKorrie Layun Rampan00aSAYU: kumpulan cerita pendek aJakartabGrasindoc2004 a133hlm;14x21cm 0aKesusastraan